000 01293nam a22002535i 4500
001 157109
003 ES-MaACL
005 20250824074923.0
008 000308s1867 sp |||| | spa d
040 _aCAM
_bspa
_cCAM
100 1 _aLarra y Wetoret, Luis Mariano de,
_d1830-1901
_970289
245 1 4 _aLos infiernos de Madrid
_b: zarzuela fantástica en tres cuadros y once viñetas /
_cletra de Luis Mariano de Larra ; música de José Rogel.
260 _aMadrid :
_b[s.n.],
_c1867 (
_fImprenta de José Rodriguez)
300 _a97 p. ;
_c20 cm.
490 1 _aEl teatro: colección de obras dramáticas y líricas
500 _aEn port.: Estrenada en el teatro de los Bufos Madrileños (Circo) el 19 de diciembre de 1867.
500 _aSolo la letra.
598 _aMención de serie tomada de la cub.
700 1 _aRogel, José.
_9131984
830 0 3 _aEl teatro: colección de obras dramática y líricas
_9221753
852 _aES-MaACL
_jF-8611(9)
_z-- Enc. pasta española
_q-- Falto de la cub. original
_z-- Enc. en un vol. facticio formando parte de la col. facticia "Teatro español moderno", vol. 66
852 _aES-MaACL
_jD-2486(7)
_z-- Enc. hol. conservando la cub. original
_z-- Legado M. de la Fuente
_z-- Enc. en un vol. facticio
999 _c157109
_d157109